| 000 -LEADER |
| fixed length control field |
02085cam a22004214a 4500 |
| 001 - CONTROL NUMBER |
| control field |
15413523 |
| 005 - DATE AND TIME OF LATEST TRANSACTION |
| control field |
20200220162159.0 |
| 008 - FIXED-LENGTH DATA ELEMENTS--GENERAL INFORMATION |
| fixed length control field |
080813s2009 iauab b 001 0 eng |
| 010 ## - LIBRARY OF CONGRESS CONTROL NUMBER |
| LC control number |
2008035480 |
| 020 ## - INTERNATIONAL STANDARD BOOK NUMBER |
| International Standard Book Number |
9780813827186 (pbk. : alk. paper) |
| 020 ## - INTERNATIONAL STANDARD BOOK NUMBER |
| International Standard Book Number |
0813827183 (pbk. : alk. paper) |
| 035 ## - SYSTEM CONTROL NUMBER |
| System control number |
(OCoLC)ocn221152959 |
| 040 ## - CATALOGING SOURCE |
| Original cataloging agency |
DNAL/DLC |
| Language of cataloging |
eng |
| Transcribing agency |
DLC |
| Modifying agency |
BTCTA |
| -- |
BAKER |
| -- |
YDXCP |
| -- |
C#P |
| -- |
BWX |
| -- |
IXA |
| -- |
COO |
| -- |
CDX |
| -- |
OCLCQ |
| -- |
LMR |
| -- |
DEBBG |
| -- |
OCL |
| -- |
DLC |
| 041 ## - LANGUAGE CODE |
| Language code of text/sound track or separate title |
eng |
| 042 ## - AUTHENTICATION CODE |
| Authentication code |
pcc |
| 050 00 - LIBRARY OF CONGRESS CALL NUMBER |
| Classification number |
QK641 |
| Item number |
.M33 2009 |
| 070 0# - NATIONAL AGRICULTURAL LIBRARY CALL NUMBER |
| Classification number |
QK641 |
| Item number |
.M28 2009 |
| 080 ## - UNIVERSAL DECIMAL CLASSIFICATION NUMBER |
| Universal Decimal Classification number |
581.1(075.8) M-12 |
| 082 00 - DEWEY DECIMAL CLASSIFICATION NUMBER |
| Classification number |
571.2 |
| Edition number |
22 |
| 084 ## - OTHER CLASSIFICATION NUMBER |
| Classification number |
BIO 460f |
| Number source |
stub |
| 084 ## - OTHER CLASSIFICATION NUMBER |
| Classification number |
BIO 480f |
| Number source |
stub |
| 084 ## - OTHER CLASSIFICATION NUMBER |
| Classification number |
WM 3040 |
| Number source |
rvk |
| 100 1# - MAIN ENTRY--PERSONAL NAME |
| Personal name |
MacAdam, Jennifer W. |
| 9 (RLIN) |
7279 |
| 245 10 - TITLE STATEMENT |
| Title |
Structure and function of plants / |
| Statement of responsibility, etc. |
Jennifer W. MacAdam. |
| 250 ## - EDITION STATEMENT |
| Edition statement |
1st ed. |
| 264 ## - PRODUCTION, PUBLICATION, DISTRIBUTION, MANUFACTURE, AND COPYRIGHT NOTICE |
| Place of production, publication, distribution, manufacture |
Ames, Iowa : |
| Name of producer, publisher, distributor, manufacturer |
Wiley-Blackwell, |
| Date of production, publication, distribution, manufacture, or copyright notice |
2009. |
| 300 ## - PHYSICAL DESCRIPTION |
| Extent |
xi, 287 p. : |
| Other physical details |
ill. (chiefly col.), maps ; |
| Dimensions |
25 cm. |
| 504 ## - BIBLIOGRAPHY, ETC. NOTE |
| Bibliography, etc. note |
Includes bibliographical references (p. 273-276) and index. |
| 505 0# - FORMATTED CONTENTS NOTE |
| Formatted contents note |
The plant cell -- Plant meristems and tissues -- Plant roots -- Plant stems -- Plant leaves and translocation -- Reproduction in flowering plants -- Plant nutrition -- Plant-water relations -- Macromolecules and enzyme activity -- Photosynthesis -- Respiration -- Environmental regulation of plant development -- Hormonal regulation of plant development -- Secondary plant products. |
| 650 #0 - SUBJECT ADDED ENTRY--TOPICAL TERM |
| Topical term or geographic name entry element |
Plant anatomy |
| Form subdivision |
Textbooks. |
| 9 (RLIN) |
7280 |
| 650 #0 - SUBJECT ADDED ENTRY--TOPICAL TERM |
| Topical term or geographic name entry element |
Plant physiology |
| Form subdivision |
Textbooks. |
| 9 (RLIN) |
7281 |
| 653 ## - INDEX TERM--UNCONTROLLED |
| keyword |
მცენარეების სტრუქტურა |
| 653 ## - INDEX TERM--UNCONTROLLED |
| keyword |
მცენარეების ფუნქციონირება |
| 856 41 - ELECTRONIC LOCATION AND ACCESS |
| Materials specified |
Table of contents |
| Uniform Resource Identifier |
http://bvbr.bib-bvb.de:8991/F?func=service&doc_library=BVB01&doc_number=017325364&line_number=0001&func_code=DB_RECORDS&service_type=MEDIA |
| 906 ## - LOCAL DATA ELEMENT F, LDF (RLIN) |
| a |
7 |
| b |
cbc |
| c |
orignew |
| d |
1 |
| e |
ecip |
| f |
20 |
| g |
y-gencatlg |
| 942 ## - ADDED ENTRY ELEMENTS (KOHA) |
| Source of classification or shelving scheme |
|
| Koha item type |
წიგნი |